01112cam a2200241 i 4500003000900000005001700009007000300026008004100029020001800070040003000088082001300118100005900131240003700190245008100227264006000308300002600368336002700394337003400421338002800455500006000483500028300543700004400826DO-SdBNP20231013095951.0ta751003s2018 sp 000 0 spa d a9788439732563 aDO-SdBNPbspacBNPHUerda 4bP1862221 aPamuk, Orhand1952-ePremio Nobel de literatura, 2006.10aKirmizi sacli kadin /lespañol13aLa mujer del pelo rojo /cOrhan Pamuk ; traducción Peblo Moreno González 1aBarcelona, España :bLiteratura Random House, c2018. a281 páginasc24 cm. 2rdacontentatextobtxt 2rdamediaasin mediación bn 2rdacarrieravolumenbnc aIncluye datos biografícos del autor en la página 4. aEl famoso escritor turco Orhan Pamuk, Premio Nobel de Literatura 2006, es el primer autor turco que ganó el máximo galardón mundial de las Letras. Fue elegido uno de los 100 intelectuales del mundo por la revista Time en 2006. Sus obras han sido traducidas a 60 idiomas. 1 aGonzález, Pablo Morenoetraducción